[Event "Bunratty Masters"]
[Site "Bunratty"]
[Date "1999.02.18"]
[Round "2"]
[White "Schacher, Gerd"]
[Black "Quinn, Mark"]
[Result "1/2-1/2"]
[WhiteElo "2245"]
[BlackElo "2346"]

1.c4 b6 2.Nc3 Bb7 3.Nf3 Nf6 4.g3 Bxf3 5.exf3 c5 6.Bg2 Nc6 7.f4 g6 8.O-O Bg7
9.d3 Rc8 10.g4 Nd4 11.f5 gxf5 12.g5 Ng4 13.f4 e6 14.h3 h5 15.hxg4 hxg4 16.Be3 Qc7
17.Qd2 Qd6 18.Rae1 Kd8 19.Ne2 a6 20.Nxd4 cxd4 21.Bf2 Ke7 22.Bg3 Rh5 23.Kf2 b5
24.cxb5 axb5 25.Rc1 Rhh8 26.a3 Rhe8 27.Qb4 Qxb4 28.axb4 d5 29.Rh1 Rxc1 30.Rxc1 Kd7
31.Rc5 Rb8 32.Bxd5 exd5 33.Rxd5+ Ke6 34.Rc5 Rb6 35.Ke2  1/2-1/2

[Event "Bunratty Masters"]
[Site "Bunratty"]
[Date "1999.02.18"]
[Round "2"]
[White "Turner, Matthew"]
[Black "Gillen, Stephen"]
[Result "1-0"]
[WhiteElo "2463"]
[BlackElo "2248"]

1.c4 b6 2.Nf3 e6 3.e4 Bb7 4.Nc3 Bb4 5.Qb3 Bxc3 6.Qxc3 Bxe4 7.d3 Bxf3 8.Qxg7 Qf6
9.Bh6 Qxg7 10.Bxg7 Bb7 11.h4 f6 12.h5 Nh6 13.Bxh6 Rg8 14.d4 Nc6 15.Be3 O-O-O
16.f3 Ne7 17.Bf2 Nf5 18.Rh3 e5 19.d5 Ne7 20.O-O-O d6 21.g4 Kb8 22.Bd3 Rg7
23.Bh4 Rf8 24.Rhh1 Bc8 25.Rdg1 Ba6 26.Kd2 c6 27.h6 Rgf7 28.dxc6 Nxc6 29.b3 Nd4
30.Be4 Bb7 31.Bxb7 Kxb7 32.Ke3 Rc8 33.f4 b5 34.Rc1 bxc4 35.Rxc4 Rg8 36.Rxd4 exd4+
37.Kf3 Rc8 38.Ke4 Rc2 39.Rd1 Rh2 40.Bg3 Rxh6 41.Rxd4 f5+ 42.gxf5 Rhf6 43.Rd5 Kc6
44.Bh4 Rh6 45.Bg5 Rh1 46.Ra5 Re1+ 47.Kf3 d5 48.f6 d4 49.Ra4 Rh1  1-0

[Event "BL2-O9899"]
[Site "Germany"]
[Date "1999.03.07"]
[Round "7.7"]
[White "Seuffert, Gabriel"]
[Black "Tran, Phat"]
[Result "1-0"]
[WhiteElo "2220"]
[BlackElo "2265"]

1.c4 b6 2.Nc3 Bb7 3.e4 e6 4.g3 Bb4 5.Nge2 Ne7 6.Bg2 O-O 7.O-O Bxc3 8.Nxc3 d6
9.d4 Nd7 10.b3 f5 11.Qe2 e5 12.dxe5 Nxe5 13.f4 Nd7 14.Bb2 Nc5 15.Rad1 fxe4
16.Nxe4 Bxe4 17.Bxe4 Nxe4 18.Qxe4 Qd7 19.Rfe1 Rae8 20.Qe6+ Qxe6 21.Rxe6 Nc6
22.Rde1 Rxe6 23.Rxe6 Kf7 24.Re2 a5 25.Bc3 Rd8 26.Rd2 Re8 27.Kf2 a4 28.Re2 Rb8
29.b4 b5 30.cxb5 Rxb5 31.a3 Rd5 32.Ke3 Na7 33.Rd2 Rxd2 34.Kxd2 Nb5 35.Bb2 g6
36.g4 Ke6 37.Ke3 Kd5 38.f5 gxf5 39.gxf5 c5 40.bxc5 dxc5 41.Kd2 h5 42.Ke3 c4
43.Kd2 c3+ 44.Bxc3 Nxa3 45.Ke3 Nc4+ 46.Kf4 Nd6 47.Bb4 Nf7 48.h3 Ne5 49.Kg5 Nd3
50.Ba3 Ke5 51.f6 Ke6 52.Kg6 Nf4+ 53.Kg7 Kf5 54.f7 Ke4 55.Kh6 Ne6  1-0

[Event "NRW-Liga II 9899"]
[Site "GER"]
[Date "1999.03.16"]
[Round "7"]
[White "Woerdemann, Martin"]
[Black "Ward, Christopher"]
[Result "1/2-1/2"]
[WhiteElo "2295"]
[BlackElo "2505"]

1.c4 b6 2.g3 Bb7 3.Nf3 Bxf3 4.exf3 c5 5.d4 cxd4 6.Qxd4 Nc6 7.Qd2 e6 8.Bg2 Bb4
9.Nc3 Rc8 10.a3 Bxc3 11.Qxc3 Nf6 12.b3 O-O 13.O-O d5 14.cxd5 Na5 15.Qd3 Qxd5
16.Qxd5 Nxd5 17.b4 Nb3 18.Rb1 Nd4 19.Bb2 Ne2+ 20.Kh1 Rc2 21.f4 Nec3 22.Bxc3 Rxc3
23.Ra1 g6 24.Rfc1 Rfc8 25.Rxc3 Rxc3 26.Bxd5 exd5 27.Rd1 Rxa3 28.Rxd5 Kg7
29.b5 Kf6 30.Rd7 h5 31.Kg2 Ke6 32.Rc7 f6 33.h4 Ra5 34.Rg7 Kf5 35.Kf3 Ra3+
36.Kg2 Ra5 37.Kf3 Rxb5 38.Rxa7 Rb3+ 39.Kg2 Rd3 40.Rb7 Rd6 41.Kf3 Ke6 42.g4 f5
43.gxh5 gxh5 44.Rh7 Rd3+ 45.Ke2 Rh3 46.Rxh5 b5 47.Rh8 b4 48.Rb8 b3 49.Rb5 Rc3
50.Kd2 Rf3 51.Ke2 Rc3 52.Kd2 Rf3 53.Ke2 Rc3  1/2-1/2

[Event "Bled op"]
[Site "Bled"]
[Date "1999.03.28"]
[Round "9"]
[White "Kovacevic, Blazimir"]
[Black "Cebalo, Miso"]
[Result "1/2-1/2"]
[WhiteElo "2429"]
[BlackElo "2511"]

1.c4 b6 2.Nc3 c5 3.Nf3 Bb7 4.e3 g6 5.d4 Bg7 6.Be2 d6 7.O-O Na6 8.d5 Nc7 9.e4 e5
10.Ne1 f6 11.Nd3 Nh6 12.b4 Nf7 13.a4 Bc8 14.a5 Bd7 15.Bd2 O-O 16.Na4 Rb8
17.axb6 axb6 18.bxc5 Bxa4 19.Qxa4 dxc5 20.Nb2 Nd6 21.Bd3 f5 22.f3 Nce8 23.Qc2 Rb7
24.Na4 Rbf7 25.Qb3 fxe4 26.fxe4 Qh4 27.Qxb6 Nxe4 28.Rxf7 Rxf7 29.Be3 Nd2
30.Rd1 Nxc4 31.Bxc4 Qxc4 32.Nxc5 Qe2 33.Qb3 Nd6 34.Qd3 Qh5 35.Ne6 e4 36.Nxg7 Rxg7
37.Qb3 Rb7 38.Qa4 Rb8 39.Rf1 Rf8 40.Rxf8+ Kxf8 41.Qb3 Qe2 42.h3 Nf5 43.Qb8+ Kf7
44.Qc7+ Kg8 45.Qd8+ Kf7 46.Qd7+ Kg8 47.Qd8+ Kf7 48.Qd7+ Kg8 49.Qe6+ Kg7 50.Qe5+ Kf7
51.Bg5 e3 52.Qe6+ Kg7 53.Kh2 Qf2 54.Qf6+  1/2-1/2

[Event "Redbus KO"]
[Site "Southend"]
[Date "1999.04.03"]
[Round "2.2"]
[White "McNab, Colin Anderson"]
[Black "Plaskett, Jim"]
[Result "1-0"]
[WhiteElo "2418"]
[BlackElo "2483"]

1.c4 b6 2.Nc3 Bb7 3.e4 e6 4.d3 Nf6 5.Nge2 c5 6.g3 Nc6 7.Bg2 d6 8.O-O Be7
9.d4 cxd4 10.Nxd4 Rc8 11.b3 O-O 12.Ba3 Qd7 13.Qd2 Rfd8 14.Rac1 a6 15.Rfd1 Bf8
16.Nc2 Ba8 17.Ne3 Qb7 18.Qe2 Qb8 19.Rd2 Ne5 20.f4 Ned7 21.f5 Nc5 22.fxe6 fxe6
23.Rf1 Re8 24.Ng4 Nxg4 25.Qxg4 b5 26.cxb5 axb5 27.Bb2 Re7 28.b4 Nd7 29.Ne2 Ne5
30.Bxe5 dxe5 31.Kh1 Bc6 32.Nc1 Rd8 33.Rdf2 Qd6 34.a3 Ree8 35.Nb3 Qd3 36.Rf3 Qc2
37.Na5 Bd7 38.Rf7 Bc8 39.h4 Rd3 40.Bh3 Rxa3 41.R7f2 Qc3 42.Qxe6+  1-0

[Event "Dreifluesse op 7th"]
[Site "Passau"]
[Date "1999.04.04"]
[Round "5"]
[White "Lodes, Hermann"]
[Black "Schmidt, Martin"]
[Result "1/2-1/2"]
[WhiteElo "2144"]
[BlackElo "2150"]

1.c4 b6 2.d4 e6 3.Nf3 Bb7 4.Nc3 Bb4 5.Bd2 Nf6 6.e3 O-O 7.Be2 c5 8.O-O cxd4
9.Nxd4 Nc6 10.Bf3 Qc8 11.Nxc6 Bxc6 12.Nd5 Bxd5 13.Bxb4 Bxf3 14.Qxf3 Re8 15.Rac1 Qc6
16.Qxc6 dxc6 17.f3 a5 18.Bc3 Red8 19.Rfd1 Kf8 20.e4 Ke7 21.Rxd8 Rxd8 22.c5 bxc5
23.Bxa5 Ra8 24.Bb6 Nd7 25.Bxc5+ Nxc5 26.Rxc5 Rxa2 27.Rxc6  1/2-1/2

[Event "Golden Cleopatra op 3rd"]
[Site "Cairo"]
[Date "1999.04.13"]
[Round "3"]
[White "El Ghazali, Youssef M"]
[Black "Kamel, Nabil"]
[Result "1-0"]
[WhiteElo "2312"]
[BlackElo "2275"]

1.c4 b6 2.Nc3 Bb7 3.Nf3 e6 4.e3 a6 5.b3 d6 6.Bb2 Nd7 7.g3 Ne5 8.e4 Nf6 9.d3 Nfd7
10.d4 Ng6 11.Bg2 h5 12.h4 c5 13.d5 e5 14.Qe2 Nf6 15.Ng5 Bc8 16.Nd1 Be7 17.Ne3 Ng4
18.Nf5 Bf6 19.Bf3 Bxf5 20.exf5 Nf8 21.Bxg4 hxg4 22.Ne4 Qd7 23.Qxg4 O-O-O
24.Qf3 Nh7 25.O-O-O b5 26.cxb5 axb5 27.Kb1 Qa7 28.Qd3 Qb6 29.g4 Rd7 30.g5 Bd8
31.Qe3 Qa6 32.Rc1 Bb6 33.Qe2 Kb7 34.a4 bxa4 35.Qxa6+ Kxa6 36.bxa4 Rb8 37.Kc2 Ba5
38.Bc3 Bxc3 39.Nxc3 Rb4 40.g6 fxg6 41.fxg6 Nf6 42.h5 Rf4 43.Rh2 Ng4 44.Rg2 Rd8
45.Re1 Rdf8 46.Ne4 Nxf2 47.Nxd6 Ng4 48.Ne4 Ka5 49.Rg3 Nf2 50.Nxf2 Rxf2+ 51.Kd3 Ra2
52.Rc1 Rf4 53.Rc4 Ra3+ 54.Rc3 c4+ 55.Kd2 Ra2+ 56.Ke1 Kb4 57.h6 Rh4 58.Rh3 Rxh6
59.Rxh6 Kxc3 60.Rh3+ Kd4 61.d6 Rxa4 62.d7 Ra8 63.Rh7 c3 64.Ke2 Ra2+ 65.Kd1 Ra8
66.Ke2 e4 67.Rxg7 e3 68.Rf7 c2 69.Rf1 Ke4 70.g7 Rd8 71.Rc1 Rxd7 72.g8=Q Rd2+
73.Ke1 Kd3 74.Qg6+ Kd4 75.Rxc2  1-0

[Event "NOR-chT"]
[Site "Langesund"]
[Date "1999.05.14"]
[Round "5"]
[White "Egeli, Per Ove"]
[Black "Johannessen, Leif Erlend"]
[Result "1/2-1/2"]
[WhiteElo "2339"]
[BlackElo "2342"]

1.c4 b6 2.g3 Bb7 3.Nf3 Nf6 4.Bg2 e6 5.O-O Be7 6.Nc3 O-O 7.d4 Ne4 8.Bd2 Bf6
9.Rc1 c5 10.d5 exd5 11.cxd5 Nxd2 12.Nxd2 d6 13.e4 Nd7 14.f4 Ba6 15.Rf3 b5
16.b3 Re8 17.Bf1 Qb6 18.Kh1 Re7 19.a4 Bxc3 20.Rcxc3 Nf6 21.Qc2 Rae8 22.axb5 Bxb5
23.Bxb5 Qxb5 24.Rc4 Qd7 25.Kg2 Qg4 26.Qd3 Qg6 27.h3 h5 28.Re3 Qh7 29.Kf2 Qg6
30.Kg2 Nd7 31.Rc1 h4 32.g4 f5 33.e5 dxe5 34.Qxf5 Qd6 35.fxe5 Qxd5+ 36.Nf3 Rxe5
37.Rxe5 Rxe5 38.Qc2 Re3 39.Qc4 Qxc4 40.bxc4 Re2+ 41.Kf1 Ra2 42.Rd1 Nb6 43.Nxh4 Nxc4
44.Rd8+ Kf7 45.Rc8 Nd2+ 46.Ke2 c4 47.Kd1 Ne4 48.Rxc4 Nf2+ 49.Kc1 Nxh3 50.Kb1 Ra5
51.Kc2 Re5 52.Rc3 Ng5 53.Rc7+ Re7 54.Rc6 Ne6 55.Kd3 Rd7+ 56.Ke3 a5 57.Ra6 Rd5
58.Nf5 Kf6 59.Nd6 Rd3+ 60.Kf2 Ra3 61.Nb7 Ke5  1/2-1/2

[Event "BUL-ch"]
[Site "Plovdiv"]
[Date "1999.05.18"]
[Round "7"]
[White "Stojanov, Svetlin"]
[Black "Chatalbashev, Boris"]
[Result "0-1"]
[WhiteElo "2334"]
[BlackElo "2524"]

1.c4 b6 2.Nc3 Bb7 3.d4 e6 4.e4 Bb4 5.f3 f5 6.exf5 Nh6 7.Be3 Nxf5 8.Bf2 O-O
9.Qd2 Nc6 10.O-O-O Na5 11.Kb1 Ba6 12.b3 c5 13.d5 e5 14.Bd3 Nd4 15.Qb2 Bxc3
16.Qxc3 d6 17.Bxd4 cxd4 18.Qc2 Rc8 19.Qe2 Rc7 20.h4 Bc8 21.g4 Nb7 22.b4 a5
23.a3 axb4 24.axb4 b5 25.cxb5 Rc3 26.Qb2 Bd7 27.Ne2 Rc8 28.Be4 Bxb5 29.Rc1 Rb8
30.Qc2 Nc5 31.Bxh7+ Kh8 32.Ng3 Ba4 33.Qb2 Rxf3 34.Bc2  0-1

[Event "Prague Sachinfo"]
[Site "Prague"]
[Date "1999.06.06"]
[Round "6"]
[White "Ftacnik, Lubomir"]
[Black "Rogers, Ian"]
[Result "1/2-1/2"]
[WhiteElo "2585"]
[BlackElo "2618"]

1.c4 b6 2.Nc3 Bb7 3.e4 e6 4.Nf3 c5 5.Bd3 Nc6 6.Bc2 Nge7 7.O-O Ng6 8.d4 cxd4
9.Nxd4 Bc5 10.Be3 O-O 11.Nxc6 Bxc6 12.Bxc5 bxc5 13.f4 f6 14.Qd2 Qa5 15.g3 Rab8
16.b3 Nh8 17.Rfd1 Nf7 18.Nb5 Qa6 19.a4 Qb7 20.Qe3 a6 21.Nd6 Nxd6 22.Rxd6 Qb4
23.h4 f5 24.e5 h6 25.Bd1 Rf7 26.Ra2 a5 27.h5 Kh8 28.Qd2 Qb6  1/2-1/2

[Event "CCA ChessWise op"]
[Site "Stratton Mountain"]
[Date "1999.06.13"]
[Round "5"]
[White "Salman, Joel"]
[Black "Paschall, William M"]
[Result "1-0"]
[WhiteElo "2262"]
[BlackElo "2321"]

1.c4 b6 2.d4 e6 3.Nc3 Bb4 4.Nf3 Bb7 5.g3 f5 6.Bg2 Nf6 7.O-O O-O 8.Qb3 Bxc3
9.Qxc3 Qe8 10.b3 Qh5 11.Bb2 Ne4 12.Qc2 Rf6 13.d5 Rh6 14.Bc1 Rf6 15.Bb2 Rg6
16.Rad1 exd5 17.cxd5 Na6 18.Nh4 Rh6 19.Bf3 Qf7 20.Nxf5 Qxf5 21.Qxe4 Qh3 22.Rfe1 Qxh2+
23.Kf1 Nc5 24.Qe5 Ne6 25.Rc1 d6 26.Qc3 Rf8 27.Red1 Rf7 28.Qe3 a5 29.Ke1 Nc5
30.Kd2 Qh3 31.Rh1 Qf5 32.Rxh6 gxh6 33.Rc4 Kf8 34.Qxh6+ Ke8 35.Rg4 Nd7 36.Rg8+ Rf8
37.Bh5+ Ke7 38.Qg7+ Rf7 39.Bxf7 Qxf7 40.Qg5+ Nf6 41.Bxf6+  1-0

[Event "Fan Adams Int f-A"]
[Site "New York"]
[Date "1999.06.24"]
[Round "1"]
[White "Sher, Miron N"]
[Black "Burnett, Ronald"]
[Result "1/2-1/2"]
[WhiteElo "2415"]
[BlackElo "2420"]

1.c4 b6 2.d4 e6 3.e4 Bb7 4.Nd2 Bb4 5.Qc2 Qh4 6.Bd3 Qg4 7.Kf1 f5 8.h3 Qg6
9.Ngf3 Ne7 10.exf5 exf5 11.d5 c6 12.Ne5 Qf6 13.Ndf3 h6 14.Be3 cxd5 15.Bd4 Nbc6
16.Nxc6 Qxc6 17.a3 Bc5 18.cxd5 Qxd5 19.Be5 a5 20.Rd1 Qf7 21.h4 Bd5 22.Qc3 Rc8
23.Ba6 Rc6 24.Bb5 Rc8 25.Ba6 Ra8 26.Bb5 O-O 27.b4 axb4 28.axb4 Rfc8 29.Bxd7 Rd8
30.bxc5 Rxd7 31.Bd6 Bxf3 32.Qxf3 Rad8 33.Rb1 bxc5 34.Bxe7 Qxe7 35.g3 Rd3
36.Qc6 Rd1+ 37.Kg2 Rxh1 38.Rxh1 Qe5 39.Rb1 Rd5 40.Rb8+ Kh7 41.Re8 Rd6 42.Qc8 Qd5+
43.Kh2 Kg6 44.Re7 Qf3 45.Qe8+ Kh7 46.Rxg7+ Kxg7 47.Qe7+ Kg8 48.Qe8+ Kg7 49.Qe7+ Kg8
50.Qe8+ Kg7 51.Qe7+ Kg8  1/2-1/2

[Event "Ljubljana op 10th"]
[Site "Ljubljana"]
[Date "1999.06.30"]
[Round "6"]
[White "Anakiev, Dimitar"]
[Black "Barle, Janez"]
[Result "0-1"]
[WhiteElo "2045"]
[BlackElo "2384"]

1.c4 b6 2.Nc3 e6 3.e4 Bb7 4.Nf3 Bb4 5.Bd3 Ne7 6.O-O O-O 7.b3 f5 8.Qe2 Ng6
9.Bc2 Nc6 10.Bb2 Nh4 11.Nb5 f4 12.Rad1 Nxf3+ 13.Qxf3 e5 14.d4 a6 15.d5 Ne7
16.Nc3 Ng6 17.Qh5 Be7 18.d6 Bxd6 19.Rd3 Qh4 20.Qd1 Qg5 21.Rh3 Nh4 22.g3 fxg3
23.hxg3 Nf3+ 24.Kg2 Nd4 25.Bc1 Qg6 26.Be3 Nxc2 27.Qxc2 Rf7 28.Rfh1 h6 29.Rh4 Raf8
30.Qe2 Rf6 31.Rg4 Qh7 32.Rh5 Kf7 33.Kg1 Ke8 34.b4 Bxb4 35.Rxe5+ Re6 36.Bd4 g5
37.Nd5 Bd6 38.Qb2 Bxd5 39.cxd5 Bxe5 40.Bxe5 Re7 41.Bxc7 Rxe4 42.Rxe4+ Qxe4
43.Bd6 Rf3 44.Qxb6 Kf7 45.Qc5 Rd3  0-1

[Event "Villa de Sitges 35th"]
[Site "Sitges"]
[Date "1999.07.23"]
[Round "8"]
[White "Marin, Mihail"]
[Black "Cicak, Slavko"]
[Result "1-0"]
[WhiteElo "2548"]
[BlackElo "2501"]

1.c4 b6 2.d4 Bb7 3.d5 e6 4.a3 g6 5.g3 Bg7 6.Bg2 Ne7 7.Nh3 e5 8.O-O d6 9.Nc3 O-O
10.b4 Nd7 11.e4 Rc8 12.Qd3 h6 13.Bd2 a6 14.Rad1 c6 15.f3 cxd5 16.cxd5 b5
17.a4 Nb6 18.a5 Nc4 19.Bc1 Rc7 20.Nf2 f5 21.Ne2 Qa8 22.f4 Bc8 23.fxe5 Nxe5
24.Qb3 Nc4 25.Nf4 Qa7 26.Qd3 Nb2 27.Bxb2 Bxb2 28.Kh1 Be5 29.Ne6 Bxe6 30.dxe6 Rc4
31.exf5 Rxf5 32.Ne4 Qc7 33.Qd2 h5 34.Rxf5 Nxf5 35.Qg5 Kg7 36.Rf1 Qe7 37.Rxf5 Qxg5
38.Rf7+ Kh6 39.Nxg5  1-0

[Event "Lippstadt"]
[Site "Lippstadt"]
[Date "1999.07.29"]
[Round "8"]
[White "Matthias, Heiner"]
[Black "Wehmeier, Stefan"]
[Result "1/2-1/2"]
[WhiteElo "2399"]
[BlackElo "2428"]

1.c4 b6 2.Nc3 Bb7 3.Nf3 e6 4.e3 Nf6 5.b3 Be7 6.Bb2 O-O 7.d4 Ne4 8.Be2 f5
9.O-O Bf6 10.Nd2 Nxc3 11.Bxc3 c5 12.Qc2 Nc6 13.dxc5 bxc5 14.Rfd1 Rc8 15.Rac1 Nb4
16.Qb2 Bxc3 17.Rxc3 Qf6 18.Rdc1 f4  1/2-1/2

[Event "Valoz Cup"]
[Site "Olomouc"]
[Date "1999.08.09"]
[Round "4"]
[White "Aksiuczyc, Monika"]
[Black "Chytilek, Roman"]
[Result "1/2-1/2"]
[WhiteElo "2198"]
[BlackElo "2397"]

1.c4 b6 2.d4 e6 3.Nf3 Bb7 4.Nc3 Bb4 5.Qb3 a5 6.a3 Bxc3+ 7.Qxc3 a4 8.g3 Nf6
9.Bg5 d6 10.Bg2 Nbd7 11.O-O O-O 12.Nd2 Bxg2 13.Kxg2 h6 14.Bxf6 Qxf6 15.f4 c5
16.Ne4 Qe7 17.Rad1 f5 18.Nf2 Nf6 19.Rfe1 d5 20.cxd5 exd5 21.dxc5 bxc5 22.Qe5 Qb7
23.Qxf5 Rae8 24.Qd3 d4+ 25.Qf3 Qxb2 26.Rb1 Qd2 27.Qd3 Qa2 28.Rbc1 Qd5+ 29.Kg1 Re3
30.Qc4 Rfe8 31.Ng4 Qxc4 32.Nxf6+ gxf6 33.Rxc4 d3 34.Rd1 dxe2 35.Re1 Rxa3
36.Rxc5 Ra2 37.Ra5 Rd8 38.Kf2 Rdd2 39.Ra7 a3 40.Rc1 e1=Q+ 41.Kxe1 Re2+ 42.Kf1 Rf2+
43.Kg1 Rg2+ 44.Kf1 Rgf2+  1/2-1/2

[Event "NED U20 op"]
[Site "Hengelo"]
[Date "1999.08.11"]
[Round "5"]
[White "Mah, Karl"]
[Black "Azadmanesh, Moosa"]
[Result "1/2-1/2"]
[WhiteElo "2316"]
[BlackElo "2147"]

1.c4 b6 2.d4 Nf6 3.Nf3 e6 4.e3 Bb7 5.Bd3 c5 6.O-O Be7 7.Nc3 O-O 8.d5 exd5
9.cxd5 d6 10.e4 Na6 11.a3 Nc7 12.b4 Nd7 13.Rb1 Ba6 14.Bxa6 Nxa6 15.Bf4 Re8
16.Nb5 Nf8 17.Qa4 Nc7 18.bxc5 bxc5 19.Nd2 Ng6 20.Bg3 Nxb5 21.Qxb5 Bh4 22.Bxh4 Nxh4
23.f4 f5 24.g3 Ng6 25.exf5 Ne7 26.f6 gxf6 27.Ne4 Rf8 28.Qb2 Nf5 29.g4 Nd4
30.g5 fxg5 31.fxg5 Kh8 32.Nf6 Rf7 33.Rbe1 Qf8 34.Qg2 Qg7 35.Rf4 Raf8 36.Kh1 Qg6
37.h4 Qd3 38.Ref1 Qc2 39.Qxc2 Nxc2 40.Re4 Nxa3 41.Re6 Nb5 42.Rfe1 a6 43.Re8 Kg7
44.h5 h6 45.gxh6+ Kxh6 46.R1e6  1/2-1/2

[Event "FRA-ch G2"]
[Site "Bescanon"]
[Date "1999.08.19"]
[Round "4"]
[White "Lepelletier, Benoit"]
[Black "Bauer, Christian"]
[Result "0-1"]
[WhiteElo "2468"]
[BlackElo "2480"]

1.c4 b6 2.Nc3 Bb7 3.e4 e6 4.g3 f5 5.Bg2 Nf6 6.d3 fxe4 7.Nxe4 Nxe4 8.dxe4 Qf6
9.Qc2 Nc6 10.Nf3 Bc5 11.O-O O-O 12.Bf4 e5 13.Bd2 h6 14.Bc3 Rf7 15.Kh1 Qe6
16.Qd3 Raf8 17.Rad1 g5 18.b3 a5 19.Rd2 d6 20.h3 Rxf3 21.Bxf3 Qxh3+ 22.Kg1 Qxg3+
23.Bg2 Qg4 24.Qe2 Qh4 25.Rd3 g4 26.Re3 Nd4 27.Bxd4 Bxd4 28.Rd1 Bxe3 29.Qxe3 Qf6
30.Qg3 h5 31.Rd3 Qg5 32.f3 Rf4 33.fxg4 Rxg4 34.Kh2 Kh7  0-1

[Event "Zurich Hilton op"]
[Site "Zurich"]
[Date "1999.08.20"]
[Round "7"]
[White "Vucenovic, Dragomir"]
[Black "Walti, Rolf"]
[Result "1/2-1/2"]
[WhiteElo "2285"]
[BlackElo "2186"]

1.c4 b6 2.Nf3 Bb7 3.e3 e6 4.Be2 f5 5.b3 Nf6 6.Bb2 Be7 7.a3 O-O 8.d3 a5 9.Qc2 Na6
10.Nbd2 Qe8 11.h3 d5 12.O-O Bd6 13.Ne5 c5 14.f4 Rd8 15.Ndf3 Nb8 16.Bc3 Nc6
17.Qb2 Qe7 18.Nxc6 Bxc6 19.Be5 Nd7 20.Bxd6 Qxd6 21.Rad1 Qe7 22.Ne5 Nxe5 23.Qxe5  1/2-1/2

[Event "Pyramiden Franken Cup"]
[Site "Fuerth"]
[Date "1999.08.21"]
[Round "1"]
[White "Bischoff, Klaus"]
[Black "Fiekers, C."]
[Result "1-0"]
[WhiteElo "2509"]
[BlackElo "2027"]

1.c4 b6 2.d4 e6 3.a3 Bb7 4.Nc3 f5 5.d5 Be7 6.e3 Nf6 7.Nge2 O-O 8.Nf4 e5 9.Nd3 d6
10.Be2 a5 11.O-O Nbd7 12.f4 e4 13.Nf2 Nc5 14.b3 Qd7 15.Bb2 Na6 16.g4 g6 17.g5 Ne8
18.Ncxe4 fxe4 19.Qd4 Bf6 20.gxf6 Nxf6 21.h3 h5 22.Nxe4 Nxe4 23.Qxe4 Qf7 24.Qd4 Kh7
25.Bd3 Bc8 26.Kh2 Nc5 27.Bc2 Bf5 28.e4 Bxe4 29.Bxe4 Nxb3 30.Qd1  1-0

[Event "Pyramiden Franken Cup"]
[Site "Fuerth"]
[Date "1999.08.23"]
[Round "3"]
[White "Willim, Michael"]
[Black "Hirn, Oskar"]
[Result "0-1"]
[WhiteElo "2130"]
[BlackElo "2276"]

1.c4 b6 2.Nc3 Bb7 3.e4 e6 4.a3 c5 5.Nf3 d6 6.d4 cxd4 7.Qxd4 Nc6 8.Qd3 Nf6
9.Be2 Ne5 10.Nxe5 dxe5 11.Qxd8+ Rxd8 12.Bg5 Bc5 13.Bf3 Bd4 14.Nb5 Bxb2 15.Rb1 Bd4
16.Nxa7 Rd7 17.Bxf6 gxf6 18.Nb5 Bc5 19.Ke2 f5 20.exf5 Bxf3+ 21.Kxf3 exf5
22.Rhd1 Rxd1 23.Rxd1 Ke7 24.Nc7 e4+ 25.Ke2 Rc8 26.Nd5+ Ke6 27.Rb1 Rc6 28.a4 Ke5
29.g3 Bd4 30.Rb5 Bc5 31.a5 bxa5 32.Rxa5 Kd4 33.Ne3 f4 34.gxf4 Rb6 35.Ra2 Rb1
36.Rd2+ Kc3 37.Rc2+ Kb3 38.Rd2 Rh1 39.Rd7 Kc3 40.Rxf7 Bxe3 41.fxe3 Rxh2+
42.Kf1 Kd3 43.c5 Kxe3 44.c6 Kf3 45.Ke1 e3 46.Kd1 e2+ 47.Kd2 Rh6 48.c7 Rd6+
49.Kc2 e1=Q 50.c8=Q Rd2+  0-1

[Event "ESP-ch"]
[Site "Palencia"]
[Date "1999.08.25"]
[Round "7"]
[White "Timon Piote, Silvia"]
[Black "Gallego, Victoriano"]
[Result "0-1"]
[WhiteElo "2155"]
[BlackElo "2348"]

1.c4 b6 2.Nc3 Bb7 3.e4 e6 4.Nf3 c5 5.g3 Nf6 6.d3 Nc6 7.Bg2 Be7 8.O-O d6 9.a3 O-O
10.Rb1 d5 11.Bg5 d4 12.Ne2 Nd7 13.Bd2 a5 14.h3 a4 15.Ne1 e5 16.f4 f6 17.Nf3 Ncb8
18.g4 Bc6 19.g5 fxg5 20.fxe5 Rxf3 21.Bxf3 Nxe5 22.Ng3 Nxd3 23.Bg4 Nd7 24.Be6+ Kh8
25.Qh5 Nf6 26.Rxf6 Bxf6 27.Bf5 Qg8 28.Bxg5 Be8 29.Qh4 Ne5 30.Rf1 Ng6 31.Bxg6 Bxg5
32.Qxg5 Bxg6 33.Nf5 Bxf5 34.exf5 Rf8 35.Kh1 Qxc4 36.Re1 Qd5+ 37.Kg1 h6 38.Qg3 Qxf5
39.Rd1 Rf6  0-1

[Event "BIH-chT"]
[Site "Bihac"]
[Date "1999.08.26"]
[Round "6"]
[White "Mohr, Georg"]
[Black "Filipovic, Branko"]
[Result "0-1"]
[WhiteElo "2483"]
[BlackElo "2420"]

1.c4 b6 2.d4 Bb7 3.Nc3 e6 4.a3 f5 5.Nf3 Nf6 6.g3 g6 7.Bg2 Bg7 8.O-O O-O 9.Ne1 Bxg2
10.Nxg2 Qe7 11.Qd3 d5 12.f3 c5 13.Be3 cxd4 14.Bxd4 e5 15.Bf2 d4 16.Nd5 Nxd5
17.cxd5 Nd7 18.Rac1 Qd6 19.Qc4 Nf6 20.f4 Qxd5 21.fxe5 Qxc4 22.Rxc4 Ne4 23.Rd1 Nxf2
24.Kxf2 Bxe5 25.Ne1 Rac8 26.Rxc8 Rxc8 27.Nf3 Bf6 28.Nxd4 Rc4 29.Ke3 Kf7 30.b3 Rc5
31.a4 a6 32.Kd3 Bxd4 33.Kxd4 Ke6 34.e4 fxe4 35.Kxe4 Rc2 36.h3 Rc3 37.Rd3 Rxd3
38.Kxd3 Kd5 39.Ke3 Kc5 40.Kd3 Kb4 41.Kc2 Ka3  0-1

[Event "London MSO Masters"]
[Site "London"]
[Date "1999.08.26"]
[Round "6"]
[White "Taylor, Peter"]
[Black "Peray, S."]
[Result "1-0"]
[WhiteElo "2164"]
[BlackElo "2057"]

1.c4 b6 2.e4 Bb7 3.Nc3 e6 4.g3 Nf6 5.Bg2 c5 6.Nge2 d6 7.O-O Nbd7 8.d3 Qc7
9.h3 Be7 10.Be3 O-O 11.f4 Rad8 12.g4 Ne8 13.Ng3 a6 14.g5 Qc8 15.Qh5 Nc7 16.f5 g6
17.Qh6 Rfe8 18.fxg6 fxg6 19.Rf7 Kxf7 20.Qxh7+ Kf8 21.Rf1+  1-0

[Event "Budapest FS09 IM-B"]
[Site "Budapest"]
[Date "1999.09.09"]
[Round "6"]
[White "Leer Salvesen, Bjarte"]
[Black "Czebe, Attila"]
[Result "1/2-1/2"]
[WhiteElo "2261"]
[BlackElo "2414"]

1.c4 b6 2.Nc3 Bb7 3.e4 e6 4.g3 Bb4 5.Nge2 f5 6.Bg2 Nf6 7.f3 fxe4 8.fxe4 e5
9.O-O Nc6 10.h3 O-O 11.Kh2 d6 12.d3 Bxc3 13.bxc3 Qe7 14.Be3 Nd7 15.Qd2 Rxf1
16.Rxf1 Rf8 17.Rxf8+ Qxf8 18.Qe1 Nd8 19.Qf1 Ne6 20.Qxf8+ Kxf8 21.Bf3 Ke7
22.Bg4 a6 23.Bxe6 Kxe6 24.Kg2 b5 25.cxb5 axb5 26.g4 c5 27.Kf3 d5 28.a3 d4
29.cxd4 exd4 30.Bxd4 cxd4 31.Nxd4+ Kf6 32.Nxb5 Ba6 33.a4 Nc5 34.d4 Nxa4 35.Nc7 Bf1
36.h4 Nc3 37.Ne8+ Kf7 38.Nd6+ Ke6 39.Nf5 g6 40.Ng3 Ba6 41.Kf4 Ne2+ 42.Nxe2 Bxe2
43.g5 Bd3 44.Ke3 Bc2 45.Kf4 Kd6 46.Ke3 Ba4 47.Kf4 Be8 48.Ke3 Kc6 49.Kf4 Kb5
50.Ke5 Kc4 51.d5 Kd3 52.d6 Ke3  1/2-1/2

[Event "CRO-chT"]
[Site "Pula"]
[Date "1999.09.09"]
[Round "1"]
[White "Nikolac, Juraj"]
[Black "Sulava, Nenad"]
[Result "1-0"]
[WhiteElo "2475"]
[BlackElo "2467"]

1.c4 b6 2.Nc3 Bb7 3.e4 e6 4.Nf3 Bb4 5.Bd3 Ne7 6.a3 Bxc3 7.dxc3 d6 8.Qe2 Nd7
9.O-O O-O 10.Bc2 h6 11.a4 a5 12.Nd4 e5 13.Nb5 Nc5 14.Rd1 f5 15.exf5 Nxf5
16.b4 axb4 17.cxb4 Ne6 18.Be4 Bxe4 19.Qxe4 Kh8 20.Ra3 Nfd4 21.Nxd4 Nxd4 22.a5 bxa5
23.bxa5 Ra6 24.Bb2 Qf6 25.Rf1 Qf7 26.Qd3 c5 27.f4 e4 28.Qxe4 Qxc4 29.Re1 d5
30.Qe7 Raa8 31.Rc3 Qa2 32.Bc1 Rae8 33.Qxe8 Rxe8 34.Rxe8+ Kh7 35.Rxc5 Qa1
36.Rcc8 Nb3 37.f5 Qd4+ 38.Be3 Qa1+ 39.Kf2  1-0

[Event "CRO-chT"]
[Site "Pula"]
[Date "1999.09.11"]
[Round "3"]
[White "Dumpor, Atif"]
[Black "Sulava, Nenad"]
[Result "0-1"]
[WhiteElo "2330"]
[BlackElo "2467"]

1.c4 b6 2.Nc3 Bb7 3.e4 e6 4.Nf3 Bb4 5.Qb3 Na6 6.Be2 Ne7 7.d3 f5 8.exf5 Nxf5
9.Bg5 Be7 10.Ne4 Bxg5 11.Nfxg5 O-O 12.O-O Nd4 13.Qd1 d5 14.Bg4 dxe4 15.Bxe6+ Kh8
16.Qh5 h6 17.Nf7+ Rxf7 18.Bxf7 exd3 19.f4 Nc5 20.Bg6 Qf6 21.Rad1 Ne2+ 22.Kh1 Nxf4
23.Qg4 Bxg2+ 24.Qxg2 Nxg2 25.Rxf6 gxf6 26.b4 Ne3 27.Rd2 Nxc4  0-1

[Event "Tatry op"]
[Site "Tatranska Lomnica"]
[Date "1999.10.04"]
[Round "3"]
[White "Ruckschloss, Karol"]
[Black "Balogh, Tomas"]
[Result "0-1"]
[WhiteElo "2244"]
[BlackElo "2447"]

1.c4 b6 2.Nc3 Bb7 3.e4 e6 4.Be2 Bb4 5.Bf3 Bxc3 6.bxc3 e5 7.Ne2 d6 8.Ng3 Ne7
9.h4 Nd7 10.h5 O-O 11.Nf5 Nxf5 12.exf5 e4 13.Be2 Ne5 14.f4 Nd3+ 15.Bxd3 exd3
16.Rh3 Bxg2 17.Rg3 Re8+ 18.Kf2 Re2+  0-1

[Event "Pan American-ch U18"]
[Site "Matinhos"]
[Date "1999.10.05"]
[Round "5"]
[White "Munoz, Marco"]
[Black "Uribe, Mauricio"]
[Result "0-1"]
[WhiteElo "2205"]
[BlackElo "2208"]

1.c4 b6 2.Nc3 Bb7 3.e4 e6 4.d4 Bb4 5.Bd3 Ne7 6.Qg4 O-O 7.Nf3 f5 8.Qh4 Qe8
9.Bd2 Ng6 10.Qh3 fxe4 11.Ng5 h6 12.Ngxe4 Nf4 13.Bxf4 Rxf4 14.Qe3 Qf7 15.O-O d5
16.cxd5 exd5 17.Ng3 Nd7 18.Bg6 Qxg6 19.Qxf4 Ba6 20.Rfe1 c6 21.Qf5 Qxf5 22.Nxf5 Kf7
23.a3 Bf8 24.Re3 g6 25.Nh4 Nf6 26.Nf3 c5 27.Ne5+ Kg7 28.Rg3 g5 29.h4 cxd4
30.hxg5 Nh5 31.gxh6+ Kh7 32.Rg5 dxc3 33.Rxh5 cxb2 34.Rb1 Bxa3 35.Rh3 Rc8
36.Re3 Rc1+  0-1

[Event "Wch U16"]
[Site "Oropesa del Mar"]
[Date "1999.10.27"]
[Round "4"]
[White "Grigoriants, Sergey"]
[Black "Tan, Desmond"]
[Result "1-0"]
[WhiteElo "2413"]
[BlackElo "2182"]

1.c4 b6 2.d4 Bb7 3.Nc3 e6 4.Nf3 Nf6 5.a3 d5 6.Bg5 Be7 7.e3 O-O 8.Bd3 dxc4
9.Bxc4 Nbd7 10.O-O c5 11.Qe2 cxd4 12.Nxd4 Ne4 13.Nxe4 Bxe4 14.Qg4 Bxg5 15.Qxe4 Nc5
16.Qg4 Bf6 17.Rfd1 Bxd4 18.Rxd4 Qe7 19.b4 Nd7 20.Qg3 Nf6 21.Qe5 a5 22.Rad1 axb4
23.axb4 Rfd8 24.Be2 Rxd4 25.Qxd4 Qc7 26.f4 h6 27.Bf3 Ra4 28.h3 Qe7 29.Qd8+ Qxd8
30.Rxd8+ Kh7 31.b5 Ra7 32.Bc6 Kg6 33.Kf2 h5 34.Kf3 Ra3 35.Rb8 Rb3 36.Rxb6 Kh7
37.Rb7 Kg6 38.Be4+ Kh6 39.Rxf7 Rxb5 40.Re7 Rb6 41.g4 hxg4+ 42.hxg4 Nxe4 43.Kxe4 g5
44.Ke5 gxf4 45.exf4  1-0